| 000 | 01155nam a2200229Ia 4500 | ||
|---|---|---|---|
| 999 |
_c45536 _d45536 |
||
| 001 | 12361 | ||
| 003 | GE_BSU | ||
| 005 | 20241002162521.0 | ||
| 008 | 181216s2003||||ge |||||||||||||| ||geo|| | ||
| 040 | _cGE_BSU | ||
| 041 | _ageo | ||
| 080 | _a341.231.14+342.7 ლ-77 | ||
| 100 |
_aლობჟანიძე, გივი. _923296 |
||
| 245 |
_aადამიანის საყოველთაო უფლებათა გარანტიები : _b[სახელმძღვანელო] / _cგივი ლობჟანიძე ; რედაქტორი ვახტანგ ქარუმიძე. |
||
| 264 |
_aთბილისი: _bმანდარიას სტამბა, _c2003. |
||
| 300 |
_a277 გვ.; _b20 სმ. |
||
| 300 | _bრეზიუმე რუსულ და ინგლისურ ენებზე გვ:224-249. | ||
| 653 | _aადამიანის საერთაშორისო უფლებები | ||
| 653 | _aსამართალი | ||
| 700 |
_aქარუმიძე, ვახტანგ _eრედაქტორი _916939 |
||
| 942 |
_cBK _2udc |
||